000 00926nas a22002057a 4500
999 _c121130
_d121130
001 K121129
007 ta
008 191014b2019 ||||| |||| 00| 0 eng d
041 _aeng
100 _aGregson, Angela
245 _aCasting light on rights
260 _c2019
490 _aRICS Property Journal
_vOctober-November 2019, 42-43 (2)
520 _aFirst in a series of articles on the right to light. Provides definition of a right to light as an easement enjoyed by one landowner over the land of someone else. Explains how such a right can be granted by the Prescription Act 1832 , Section 3 under the 20 year rule, by the doctrine of lost modern grant and by common law.
650 _aEasements
650 _aRights of Light Act 1959
651 _aUnited Kingdom 1973
690 _96267
_aRights of light
856 _uhttps://issuu.com/ricsmodus/docs/property_journal_oct-nov_2019
_yAvailable free online via Issuu